[Event "Hessen-chB"]
[Site "Marburg"]
[Date "2017.??.??"]
[Round "6"]
[White "Schoenau, Tom"]
[Black "Poschadel, Andreas Gregor"]
[Result "0-1"]
[WhiteElo "867"]
[BlackElo "1451"]
[PlyCount "92"]
[EventDate "2017.05.24"]
[EventType "swiss"]
[EventRounds "7"]
[EventCountry "GER"]
[SourceTitle "EXT 2018"]
[Source "ChessBase"]
[SourceDate "2017.10.13"]
[SourceVersion "1"]
[SourceVersionDate "2017.10.13"]
[SourceQuality "1"]

1. e4 e5 2. Nf3 Nc6 3. Bc4 Bc5 4. c3 Nf6 5. d3 h6 6. Be3 Bb6 7. Nbd2 0-0 8. 0-0 d6 9. d4 Bg4 10. Qc2 a6 11. Rfe1 Re8 12. h3 Bh5 13. Bd3 Qd7 14. Rac1 exd4 15. cxd4 Bxf3 16. Nxf3 Nb4 17. Qb3 Nxd3 18. Qxd3 Nxe4 19. Bxh6 Nxf2 20. Kxf2 gxh6 21. Re3 Ba5 22. Nh4 Re6 23. Kg1 Rae8 24. Rxe6 Qxe6 25. d5 Qf6 26. b3 Qxh4 27. Qf1 Re1 28. Rxe1 Qxe1 29. Qxe1 Bxe1 30. Kf1 Bb4 31. Kf2 c6 32. dxc6 bxc6 33. Ke3 Bc5+ 34. Kd3 d5 35. Kc3 a5 36. g3 Bf2 37. g4 Kg7 38. b4 Be1+ 39. Kb3 Bxb4 40. a3 Be1 41. a4 Kg6 42. Kc2 Kg5 43. Kd1 Bb4 44. Ke2 Kh4 45. Kf3 Kxh3 46. Kf4 d4 0-1